Commercial bank management : producing and selling financial services / (Record no. 5022)
[ view plain ]
| 000 -LEADER | |
|---|---|
| fixed length control field | 00963nam a22002777i 4500 |
| 003 - CONTROL NUMBER IDENTIFIER | |
| control field | URS |
| 005 - DATE AND TIME OF LATEST TRANSACTION | |
| control field | 20220117120622.0 |
| 008 - FIXED-LENGTH DATA ELEMENTS--GENERAL INFORMATION | |
| fixed length control field | 180507b xxu||||| |||| 00| 0 eng d |
| 020 ## - INTERNATIONAL STANDARD BOOK NUMBER | |
| International Standard Book Number | 0256034516 |
| 040 ## - CATALOGING SOURCE | |
| Original cataloging agency | DLC |
| Description conventions | rda |
| Transcribing agency | URS |
| Modifying agency | DLC |
| Language of cataloging | eng |
| 050 00 - LIBRARY OF CONGRESS CALL NUMBER | |
| Classification number | HG1615 |
| Item number | .R66 1991 |
| 100 1# - MAIN ENTRY--PERSONAL NAME | |
| Personal name | Rose, Peter S. |
| 245 10 - TITLE STATEMENT | |
| Title | Commercial bank management : producing and selling financial services / |
| Statement of responsibility, etc. | Peter S. Rose.- |
| 264 #1 - PRODUCTION, PUBLICATION, DISTRIBUTION, MANUFACTURE, AND COPYRIGHT NOTICE | |
| Place of production, publication, distribution, manufacture | Homewood, IL : |
| Name of producer, publisher, distributor, manufacturer | IRWIN, |
| Date of production, publication, distribution, manufacture, or copyright notice | [1991] |
| 264 #4 - PRODUCTION, PUBLICATION, DISTRIBUTION, MANUFACTURE, AND COPYRIGHT NOTICE | |
| Date of production, publication, distribution, manufacture, or copyright notice | ©1991 |
| 300 ## - PHYSICAL DESCRIPTION | |
| Extent | xxv, 677 pages : |
| Dimensions | 25 cm |
| 336 ## - CONTENT TYPE | |
| Content type term | text |
| Content type code | txt |
| Source | rdacontent |
| 337 ## - MEDIA TYPE | |
| Media type term | unmediated |
| Media type code | n |
| Source | rdamedia |
| 338 ## - CARRIER TYPE | |
| Carrier type term | volume |
| Carrier type code | nc |
| Source | rdacarrier |
| 504 ## - BIBLIOGRAPHY, ETC. NOTE | |
| Bibliography, etc. note | Includes bibliographical references and index. |
| 650 #0 - SUBJECT ADDED ENTRY--TOPICAL TERM | |
| Topical term or geographic name entry element | Bank management. |
| 650 #0 - SUBJECT ADDED ENTRY--TOPICAL TERM | |
| Topical term or geographic name entry element | Financial services industry |
| General subdivision | Management. |
| 906 ## - LOCAL DATA ELEMENT F, LDF (RLIN) | |
| a | 7 |
| b | cbc |
| c | orignew |
| d | 1 |
| e | ocip |
| f | 19 |
| g | y-gencatlg |
| 942 ## - ADDED ENTRY ELEMENTS (KOHA) | |
| Source of classification or shelving scheme | Library of Congress Classification |
| Koha item type | Foreign Books |
| Withdrawn status | Source of classification or shelving scheme | Damaged status | Not for loan | Collection code | Home library | Current library | Shelving location | Date acquired | Source of acquisition | Total Checkouts | Full call number | Barcode | Date last seen | Price effective from | Koha item type |
|---|---|---|---|---|---|---|---|---|---|---|---|---|---|---|---|
| Library of Congress Classification | Non-fiction | Antipolo College Library | Antipolo College Library | On Display | 05/07/2018 | Purchased | HG1615 .R66 1991 | URSANT-00510 | 05/07/2018 | 05/07/2018 | Foreign Books |